Normal view
MARC view
Entry Personal Name
001 - CONTROL NUMBER
- control field: 735281
003 - CONTROL NUMBER IDENTIFIER
- control field: OSt
005 - DATE AND TIME OF LATEST TRANSACTION
- control field: 20250317120420.0
008 - FIXED-LENGTH DATA ELEMENTS
- fixed length control field: 250317|| aca||aabn | a|a d
040 ## - CATALOGING SOURCE
- Original cataloging agency: OSt
- Transcribing agency: OSt
100 ## - HEADING--PERSONAL NAME
- Personal name: Productivity Development Team
670 ## - SOURCE DATA FOUND
- Source citation: Work cat.: (OSt)1238758: Productivity Development Team, Cellular manufacturing one-piece flow for workteams, 1999
